No pain, no gain : (Record no. 3041)

MARC details
000 -LEADER
fixed length control field 00820pam a2200265 a 4500
001 - CONTROL NUMBER
control field 2369577
003 - CONTROL NUMBER IDENTIFIER
control field GBCCL
005 - DATE AND TIME OF LATEST TRANSACTION
control field 20241126110445.0
008 - FIXED-LENGTH DATA ELEMENTS--GENERAL INFORMATION
fixed length control field 841016s1985 nyu 000 0 eng
010 ## -
-- 84024241
020 ## - INTERNATIONAL STANDARD BOOK NUMBER
International Standard Book Number 0345321812 :
Terms of availability $8.95
040 ## - CATALOGING SOURCE
Original cataloging agency DLC
Transcribing agency DLC
Modifying agency DLC
050 00 -
-- BV4501.2
-- .W564 1985
082 00 - DEWEY DECIMAL CLASSIFICATION NUMBER
Classification number 248.4876
Edition information 19
Item number WIM
100 1# - MAIN ENTRY--PERSONAL NAME
Personal name Wimmer, John R.,
Dates associated with a name 1956-
9 (RLIN) 6313
245 10 - TITLE STATEMENT
Title No pain, no gain :
Remainder of title hope for those who struggle /
Statement of responsibility, etc. John R. Wimmer.
250 ## - EDITION STATEMENT
Edition statement 1st ed.
260 ## - PUBLICATION, DISTRIBUTION, ETC.
Place of publication, distribution, etc. New York :
Name of publisher, distributor, etc. Ballantine Books,
Date of publication, distribution, etc. 1985.
300 ## - PHYSICAL DESCRIPTION
Extent xvi, 77 p. ;
Dimensions 22 cm.
650 #0 - SUBJECT ADDED ENTRY--TOPICAL TERM
Topical term or geographic name entry element Christian life
General subdivision Methodist authors.
9 (RLIN) 6312
650 #0 - SUBJECT ADDED ENTRY--TOPICAL TERM
Topical term or geographic name entry element Suffering
General subdivision Religious aspects
-- Christianity.
9 (RLIN) 472
650 #0 - SUBJECT ADDED ENTRY--TOPICAL TERM
Topical term or geographic name entry element Theodicy.
9 (RLIN) 4055
906 ## - LOCAL DATA ELEMENT F, LDF (RLIN)
a 7
b cbc
c orignew
d 1
e ocip
f 19
g y-gencatlg
942 ## - ADDED ENTRY ELEMENTS (KOHA)
Source of classification or shelving scheme Dewey Decimal Classification
Koha item type Books
Koha issues (borrowed), all copies 2
Holdings
Withdrawn status Lost status Source of classification or shelving scheme Damaged status Not for loan Home library Current Library Shelving location Date acquired Total checkouts Full call number Barcode Date last seen Date last checked out Copy number Price effective from Koha item type
    Dewey Decimal Classification     GRACE BIBLE COLLEGE GRACE BIBLE COLLEGE Ministry & Mission 2017-10-13 2 248.4876 WIM 007224 2025-05-01 2024-01-29 c.1 2017-10-13 Books
    Dewey Decimal Classification     GRACE BIBLE COLLEGE GRACE BIBLE COLLEGE Ministry & Mission 2017-10-16   248.4876 WIM 008068 2025-05-01   c.2 2017-10-16 Books
© Grace Bible College Library 2025